| 000 | 00551nam a22001937a 4500 | ||
|---|---|---|---|
| 005 | 20260415154137.0 | ||
| 008 | 260415b |||||||| |||| 00| 0 eng d | ||
| 020 | _a978-0-443-10747-4 | ||
| 050 | _aQR 46 .M56 2025 | ||
| 100 | _aGOERING, RICHARD V, | ||
| 245 | _aMIMS' MEDICAL MICROBIOLOGY AND IMMUNOLOGY | ||
| 250 | _a7TH | ||
| 260 |
_aEDINBURGH, _bELSEVIER, _c2025. |
||
| 300 | _aXVI, 601 P ILL | ||
| 500 | _aINCLUDES INDEX | ||
| 650 | _a1. MEDICAL MICROBIOLOGY 2. CLINICAL IMMUNOLOGY | ||
| 700 | _aDOCKRWELL, HAZEL M. | ||
| 942 |
_2lcc _cBK |
||
| 999 |
_c216980 _d216980 |
||